• 首页
  • 本馆介绍
  • 公告通知
  • 最新文献
  • 馆藏检索
  • 电子资源
  • 读者导购
  • 参考咨询
  • 我的图书馆
  • 登录
  • 详细信息显示
  • 放入我的书架
  • 预约/预借图书
  • 作者相关作品
  • 分类相关作品
  • 丛书相关作品
  • 出版社相关作品

书目信息

  • 表格格式
  • 工作单格式
  • 卡片格式
题名:
最后的礼物
    
 
作者: 布诺什 著 ;张宇 译
分册:  
出版信息: 北京   中央广播电视大学出版社  2011
页数: 11,238页
开本: 21cm
丛书名:
单 册:
中图分类: I712.65
科图分类:
主题词: 散文集--美国--现代
电子资源:
ISBN: 978-7-304-05122-8
000 00798nam0 2200229 450
001 2331982998
005 20231215204258.91
010    @a978-7-304-05122-8@dCNY 28.00
100    @a20111013d2011 em y0chiy0120 ea
101 1  @achi@ceng
102    @aCN@b110000
105    @ay z 000cy
200 1  @a最后的礼物@Azui hou de li wu@b专著@e与危重病人相处的创造性模式@f(美)杰莉安·布诺什著@g张宇译
210    @a北京@c中央广播电视大学出版社@d2011
215    @a11,238页@d21cm
517 1  @a与危重病人相处的创造性模式@Ayu wei zhong bing ren xiang chu de chuang zao xing mo shi
606 0  @a散文集@y美国@z现代
690    @aI712.65@v5
701  0 @c(美)@a布诺什@Abu nuo shi@c(Brasch, Jillian)@4著
702  0 @a张宇@Azhang yu@c(女,语言)@4译
801  2 @aCN@b辽宁北配@c20231205
905    @aBZT@dI712.65@e102
    
    最后的礼物:与危重病人相处的创造性模式/(美)杰莉安·布诺什著/张宇译.-北京:中央广播电视大学出版社,2011
    11,238页;21cm
    
    
    ISBN 978-7-304-05122-8:CNY 28.00
    
●
相关链接 在五车中查询图书 在当当中查询图书 在豆瓣中查询图书


正题名:最后的礼物     索取号:I712.65/102         预约/预借

序号 登录号 条形码 馆藏地/架位号 状态 备注
1 2001514528   2001514528   218书库/ [索取号:I712.65/102] 在馆    
2 2001514529   2001514529   218书库/ [索取号:I712.65/102] 在馆    
3 2001514530   2001514530   218书库/ [索取号:I712.65/102] 在馆    
4 2001514531   2001514531   513书库/ [索取号:I712.65/102] 在馆    
5 2001514532   2001514532   513书库/ [索取号:I712.65/102] 在馆    
6 2001514533   2001514533   513书库/ [索取号:I712.65/102] 在馆    
7 2001514534   2001514534   513书库/ [索取号:I712.65/102] 在馆    
8 2001514535   2001514535   218书库/ [索取号:I712.65/102] 在馆    
9 2001514536   2001514536   513书库/ [索取号:I712.65/102] 在馆    
10 2001514537   2001514537   513书库/ [索取号:I712.65/102] 在馆    
11 2001514538   2001514538   218书库/ [索取号:I712.65/102] 在馆    
12 2001514539   2001514539   第四书库/四21架A面1层5列/ [索取号:I712.65/102] 在馆    
13 2001514540   2001514540   第四书库/四21架A面1层5列/ [索取号:I712.65/102] 在馆    
14 2001514541   2001514541   第四书库/四21架A面1层5列/ [索取号:I712.65/102] 在馆    
15 2001514542   2001514542   第四书库/四21架A面1层5列/ [索取号:I712.65/102] 在馆    
16 2001514543   2001514543   第四书库/四18架B面4层3列/ [索取号:I712.65/102] 在馆    
17 2001514544   2001514544   第四书库/四18架B面4层3列/ [索取号:I712.65/102] 在馆    
18 2001514545   2001514545   第四书库/四18架B面4层3列/ [索取号:I712.65/102] 在馆    
19 2001514546   2001514546   第四书库/四18架B面4层3列/ [索取号:I712.65/102] 在馆    
20 2001514547   2001514547   第四书库/四21架A面1层5列/ [索取号:I712.65/102] 在馆    
21 2001514548   2001514548   第四书库/四21架A面1层5列/ [索取号:I712.65/102] 在馆    
22 2001514549   2001514549   315书库/ [索取号:I712.65/102] 在馆    
23 2001514550   2001514550   315书库/ [索取号:I712.65/102] 在馆    
24 2001514551   2001514551   315书库/ [索取号:I712.65/102] 在馆    
25 2001514552   2001514552   315书库/ [索取号:I712.65/102] 在馆    
26 2001514553   2001514553   315书库/ [索取号:I712.65/102] 在馆    
27 2001514554   2001514554   315书库/ [索取号:I712.65/102] 在馆    
28 2001514555   2001514555   第四书库/四21架A面1层5列/ [索取号:I712.65/102] 在馆    
29 2001514556   2001514556   第四书库/四18架B面4层3列/ [索取号:I712.65/102] 在馆    
30 2001514557   2001514557   第四书库/四18架B面4层3列/ [索取号:I712.65/102] 在馆    
山东省滨州职业学院图书馆 欢迎您!
大连网信软件有限公司© 版权所有